Normal view
MARC view
Entry Topical Term
001 - CONTROL NUMBER
- control field: 50146
003 - CONTROL NUMBER IDENTIFIER
- control field: ARRUPE
005 - DATE AND TIME OF LATEST TRANSACTION
- control field: 20201030135740.0
008 - FIXED-LENGTH DATA ELEMENTS
- fixed length control field: 201030|| aca||aabn | a|a d
040 ## - CATALOGING SOURCE
- Original cataloging agency: ARRUPE
- Transcribing agency: ARRUPE
150 ## - HEADING--TOPICAL TERM
- Topical term or geographic name as entry element: Writing, Academic
670 ## - SOURCE DATA FOUND
- Source citation: Work cat.: (ARRUPE): Musona, Justin 50145, Assessing the idea of academic writing a project of constructing a copncept and the implications when used outside the academic context:, 2019.